00432nam a2200133 a 450000100100000000500170001000800410002704000250006824500850009326000380017830000200021670000300023671000320026600002962620200930055703.0110419s2002 dr ad 000 0 spa d aDO-SdBNPbspacBNPHU00aInventario nacional de caficultores /ccololaboradores Corolina Lucía Montero. aSanto Domingo :bCODOCAFE,c2002. a21 p. ;c28 cm.1 aMontero, Carolina Lucía2 aConsejo Dominicano del Cafe